[Event "Vladivostok Russian Cup"]
[Site "Vladivostok"]
[Date "2012.09.24"]
[Round "8"]
[White "Timofeev, Artyom"]
[Black "Lyaskovsky, Valentin"]
[Result "1-0"]
[WhiteElo "2640"]
[BlackElo "2292"]
[PlyCount "125"]
[EventDate "2012.09.17"]
[EventType "swiss"]
[EventRounds "9"]
[EventCountry "RUS"]
[SourceTitle "CBM 150 Extra"]
[Source "ChessBase"]
[SourceDate "2012.10.19"]
[SourceVersion "1"]
[SourceVersionDate "2012.10.19"]
[SourceQuality "1"]

1. d4 Nf6 2. c4 c5 3. d5 e5 4. Nc3 d6 5. e4 Be7 6. g3 Nbd7 7. Bg2 0-0 8. Nf3 b5 9. cxb5 a6 10. b6 Nxb6 11. 0-0 a5 12. a4 Ba6 13. Re1 Nfd7 14. Bf1 c4 15. Be3 Qb8 16. Nd2 Rc8 17. b3 cxb3 18. Bxa6 Rxc3 19. Bb5 Nc5 20. Nb1 Rc2 21. Na3 Rb2 22. Bxc5 dxc5 23. Qc1 Ra2 24. Rxa2 bxa2 25. Qc2 c4 26. Nxc4 Nxc4 27. Qxc4 Qb6 28. Kg2 Bc5 29. Qxa2 Rc8 30. Rc1 Rc7 31. Qc4 Bd6 32. Bc6 Rc8 33. Qc3 Kf8 34. Rc2 Qb4 35. Qe3 h6 36. Rc3 Qb8 37. Rb3 Bb4 38. f4 f6 39. Qf3 Kg8 40. Qg4 Rd8 41. Bd7 Qc7 42. Be6+ Kh8 43. Qg6 Qc2+ 44. Kh3 Qxb3 45. Bf5 Kg8 46. Qh7+ Kf8 47. Qh8+ Ke7 48. Qxg7+ Kd6 49. Qxf6+ Kc5 50. Qxd8 Qd1 51. Qc7+ Kd4 52. Qb6+ Kd3 53. Qb5+ Ke3 54. Bg4 Qc2 55. fxe5 Kf2 56. Qe2+ Qxe2 57. Bxe2 Ke3 58. d6 Kxe4 59. d7 Be7 60. Kg4 Kxe5 61. Kh5 Ke4 62. Kxh6 Ke3 63. Bb5 1-0

[Event "RUS-chT 19th"]
[Site "Sochi"]
[Date "2012.04.15"]
[Round "7"]
[White "Nakhapetiane, Pogos"]
[Black "Lyaskovsky, Valentin"]
[Result "1-0"]
[WhiteElo "2504"]
[BlackElo "2277"]
[PlyCount "93"]
[EventDate "2012.04.09"]
[EventType "team-swiss"]
[EventRounds "7"]
[EventCountry "RUS"]
[SourceTitle "CBM 148"]
[Source "ChessBase"]
[SourceDate "2012.05.16"]
[SourceVersion "1"]
[SourceVersionDate "2012.05.16"]
[SourceQuality "1"]
[WhiteTeam "Desnogorsk Atom"]
[BlackTeam "Vladivostok"]
[WhiteTeamCountry "RUS"]
[BlackTeamCountry "RUS"]

1. e4 c5 2. Nf3 Nc6 3. d4 cxd4 4. Nxd4 Qb6 5. Nb3 Nf6 6. Nc3 e6 7. a3 Be7 8. Bf4 0-0 9. Bd3 d6 10. 0-0 a6 11. Qd2 Qc7 12. Rfe1 b5 13. a4 b4 14. Nd1 e5 15. Bg3 Be6 16. Ne3 Kh8 17. Qe2 a5 18. Bh4 Rad8 19. Bxf6 Bxf6 20. Bc4 Bg5 21. Nd5 Qa7 22. Rad1 f5 23. Ne3 Bxe3 24. Bxe6 Bb6 25. exf5 Ne7 26. Kh1 Nxf5 27. Bxf5 Rxf5 28. f3 Rh5 29. Qb5 Rf8 30. Rxd6 Bc7 31. Rd2 Bb8 32. Re4 Qe7 33. Qd7 Qg5 34. Qg4 Qh6 35. h3 Ba7 36. Rde2 Rg5 37. Qd7 Qb6 38. Qd1 Rxf3 39. Rxe5 Rxe5 40. Rxe5 Rf8 41. Nc5 Bb8 42. Nd7 Qc7 43. Qf3 Rg8 44. Qf5 Ba7 45. Nf8 g6 46. Qf6+ Qg7 47. Re7 1-0

[Event "RUS-chT 19th"]
[Site "Sochi"]
[Date "2012.04.14"]
[Round "6"]
[White "Lyaskovsky, Valentin"]
[Black "Iskusnyh, Sergei"]
[Result "1-0"]
[WhiteElo "2277"]
[BlackElo "2480"]
[PlyCount "75"]
[EventDate "2012.04.09"]
[EventType "team-swiss"]
[EventRounds "7"]
[EventCountry "RUS"]
[SourceTitle "CBM 148"]
[Source "ChessBase"]
[SourceDate "2012.05.16"]
[SourceVersion "1"]
[SourceVersionDate "2012.05.16"]
[SourceQuality "1"]
[WhiteTeam "Vladivostok"]
[BlackTeam "Kemerovo"]
[WhiteTeamCountry "RUS"]
[BlackTeamCountry "RUS"]

1. c4 Nf6 2. Nc3 g6 3. g3 c5 4. Bg2 Nc6 5. e3 Bg7 6. Nge2 0-0 7. 0-0 d6 8. d4 Bf5 9. b3 Qc8 10. Bb2 Bh3 11. d5 Ne5 12. f4 Bxg2 13. Kxg2 Ned7 14. Qd3 a6 15. e4 Rb8 16. Rae1 Ne8 17. Ng1 b5 18. Ba1 bxc4 19. bxc4 Qc7 20. Nf3 Qa5 21. e5 Nb6 22. h4 Qa3 23. Rb1 Nc7 24. Rb3 Qa5 25. h5 Nd7 26. Rxb8 Rxb8 27. hxg6 fxg6 28. f5 Nxe5 29. Nxe5 dxe5 30. fxg6 e4 31. Qxe4 Bxc3 32. Qf3 Bf6 33. Bxf6 exf6 34. Qxf6 Qxa2+ 35. Kh3 hxg6 36. Qf7+ Kh8 37. Rf4 g5 38. Qh5+ 1-0

[Event "RUS-chT 19th"]
[Site "Sochi"]
[Date "2012.04.12"]
[Round "4"]
[White "Lyaskovsky, Valentin"]
[Black "Gorbatov, Alexej"]
[Result "1-0"]
[WhiteElo "2277"]
[BlackElo "2363"]
[PlyCount "67"]
[EventDate "2012.04.09"]
[EventType "team-swiss"]
[EventRounds "7"]
[EventCountry "RUS"]
[SourceTitle "CBM 148"]
[Source "ChessBase"]
[SourceDate "2012.05.16"]
[SourceVersion "1"]
[SourceVersionDate "2012.05.16"]
[SourceQuality "1"]
[WhiteTeam "Vladivostok"]
[BlackTeam "Moscow Orienta"]
[WhiteTeamCountry "RUS"]
[BlackTeamCountry "RUS"]

1. e4 c6 2. d4 d5 3. e5 Bf5 4. Nd2 e6 5. Nb3 Nd7 6. Nf3 Ne7 7. Be2 f6 8. exf6 gxf6 9. Nh4 Bg6 10. Bg4 Bf7 11. Qe2 f5 12. Bh5 Nf6 13. Bxf7+ Kxf7 14. Nf3 h6 15. Ne5+ Kg7 16. Nc5 Qc8 17. Ncd3 Ng6 18. Nxg6 Kxg6 19. Bf4 Bg7 20. 0-0-0 Re8 21. h3 c5 22. g4 Kh7 23. Rdg1 cxd4 24. g5 hxg5 25. Rxg5 e5 26. Bxe5 Bh6 27. f4 Qc4 28. Rxf5 Qxa2 29. Rxf6 Qa1+ 30. Kd2 Qxh1 31. Qg4 Qh2+ 32. Kd1 Qh1+ 33. Ne1 Rxe5 34. Qg6+ 1-0

[Event "RUS-chT 19th"]
[Site "Sochi"]
[Date "2012.04.09"]
[Round "1"]
[White "Maletin, Pavel"]
[Black "Lyaskovsky, Valentin"]
[Result "1-0"]
[WhiteElo "2586"]
[BlackElo "2277"]
[PlyCount "95"]
[EventDate "2012.04.09"]
[EventType "team-swiss"]
[EventRounds "7"]
[EventCountry "RUS"]
[SourceTitle "CBM 148"]
[Source "ChessBase"]
[SourceDate "2012.05.16"]
[SourceVersion "1"]
[SourceVersionDate "2012.05.16"]
[SourceQuality "1"]
[WhiteTeam "Nizhny Tagil Politekhnik"]
[BlackTeam "Vladivostok"]
[WhiteTeamCountry "RUS"]
[BlackTeamCountry "RUS"]

1. c4 g6 2. g3 Bg7 3. Bg2 c5 4. Nc3 Nc6 5. Nf3 e5 6. 0-0 Nge7 7. a3 d6 8. b4 Nd4 9. Rb1 0-0 10. d3 Rb8 11. Bg5 h6 12. Bxe7 Qxe7 13. Nd2 b6 14. bxc5 dxc5 15. e3 Ne6 16. Nd5 Qd7 17. Ne4 f5 18. Nec3 Nc7 19. a4 Nxd5 20. Nxd5 Bb7 21. a5 Bxd5 22. Bxd5+ Kh7 23. axb6 axb6 24. Qf3 Bf6 25. Rb3 Bd8 26. Ra1 Bc7 27. Ra7 Qd6 28. d4 Rbe8 29. dxc5 Qxc5 30. Rb5 Qd6 31. c5 bxc5 32. Rxc7+ Qxc7 33. Rb7 Qxb7 34. Bxb7 e4 35. Qf4 Re7 36. Qd6 Rff7 37. Bd5 Rg7 38. Qxc5 h5 39. Qd6 Rd7 40. Qe6 Rde7 41. Qf6 Rd7 42. Be6 Ra7 43. h3 Ra5 44. Kg2 Rc5 45. g4 fxg4 46. hxg4 Kh6 47. Bf5 Ra5 48. Bxg6 1-0

[Event "RUS-chT2 17th"]
[Site "Dagomys"]
[Date "2010.04.06"]
[Round "5"]
[White "Slugin, Sergey"]
[Black "Lyaskovsky, Valentin"]
[Result "1-0"]
[WhiteElo "2427"]
[BlackElo "2271"]
[PlyCount "99"]
[EventDate "2010.04.01"]
[EventType "team-tourn"]
[EventRounds "7"]
[EventCountry "RUS"]
[SourceTitle "CBM 135 Extra"]
[Source "ChessBase"]
[SourceDate "2010.05.04"]
[SourceVersion "1"]
[SourceVersionDate "2010.05.04"]
[SourceQuality "1"]

1. d4 Nf6 2. c4 g6 3. Nc3 Bg7 4. e4 d6 5. Nf3 0-0 6. Be2 e5 7. Be3 Ng4 8. Bg5 f6 9. Bh4 g5 10. Bg3 Nh6 11. c5 g4 12. Nh4 Nc6 13. cxd6 cxd6 14. dxe5 fxe5 15. Bc4+ Kh8 16. Qd2 Nd4 17. 0-0 Bd7 18. Ne2 Rc8 19. Rac1 Rxc4 20. Rxc4 Nxe2+ 21. Qxe2 Bb5 22. Qc2 Bf6 23. Nf5 Nxf5 24. exf5 h5 25. f3 gxf3 26. Rxf3 Bxc4 27. Qxc4 d5 28. Qe2 e4 29. Rf1 Qe8 30. Bd6 Bd4+ 31. Kh1 Rf6 32. Bg3 Bb6 33. Bh4 Rf8 34. Qd2 e3 35. Qxd5 e2 36. Re1 Qe3 37. f6 Qh6 38. Qe5 Bd8 39. f7+ Kh7 40. Bxd8 Rxd8 41. Qxe2 Rf8 42. Rf1 Qg6 43. Qf2 a6 44. Qf5 Qxf5 45. Rxf5 Kg6 46. Rf3 Rxf7 47. Rxf7 Kxf7 48. g3 Ke6 49. Kg2 Kf5 50. Kf3 1-0

[Event "DV FR-ch U18 op"]
[Site "Vladivostok"]
[Date "2008.11.04"]
[Round "2"]
[White "Lyaskovsky, Valentin"]
[Black "Nikolaev, Alexander"]
[Result "1-0"]
[WhiteElo "2236"]
[BlackElo "1986"]
[PlyCount "45"]
[EventDate "2008.11.03"]
[EventType "swiss"]
[EventRounds "9"]
[EventCountry "RUS"]
[SourceTitle "EXT 2022"]
[Source "ChessBase"]
[SourceDate "2021.10.06"]
[SourceVersion "1"]
[SourceVersionDate "2021.10.06"]
[SourceQuality "1"]

1. e4 c5 2. Nf3 e6 3. d4 cxd4 4. Nxd4 Nf6 5. Nc3 Be7 6. e5 Nd5 7. Nxd5 exd5 8. Nf5 0-0 9. Bd3 d6 10. exd6 Bxd6 11. Nxd6 Qxd6 12. 0-0 Nd7 13. c3 Nf6 14. h3 Rd8 15. Be3 Ne4 16. Qc2 Be6 17. Bxe4 dxe4 18. Qxe4 Qd5 19. Qh4 Qc4 20. Bd4 Qe2 21. Rfe1 Qxb2 22. Qg3 g6 23. Qe5 1-0

[Event "EU-ch U16 18th"]
[Site "Herceg Novi"]
[Date "2008.09.21"]
[Round "6"]
[White "Alonso Rosell, Alvar"]
[Black "Lyaskovsky, Valentin"]
[Result "1/2-1/2"]
[WhiteElo "2393"]
[BlackElo "2257"]
[PlyCount "87"]
[EventDate "2008.09.15"]
[EventType "swiss"]
[EventRounds "9"]
[EventCountry "MNE"]
[SourceTitle "CBM 126 Extra"]
[Source "ChessBase"]
[SourceDate "2008.11.05"]
[SourceVersion "1"]
[SourceVersionDate "2008.11.05"]
[SourceQuality "1"]

1. d4 Nf6 2. c4 g6 3. Nc3 Bg7 4. Nf3 0-0 5. g3 d6 6. Bg2 Nbd7 7. 0-0 e5 8. e4 exd4 9. Nxd4 Re8 10. h3 a6 11. b3 Rb8 12. Re1 c5 13. Nc2 b5 14. cxb5 axb5 15. Bb2 b4 16. Nd5 Nxd5 17. Bxg7 Kxg7 18. Qxd5 Nf6 19. Qd3 Bb7 20. Re3 Qb6 21. Rae1 Ra8 22. Ra1 Re7 23. a3 bxa3 24. Rxa3 Rae8 25. Ra4 Qc6 26. Qc3 Re5 27. Ra1 Kg8 28. f4 R5e6 29. Rae1 Nxe4 30. Qd3 f5 31. b4 Qb6 32. bxc5 dxc5 33. Qc4 Kg7 34. Kh2 Rd6 35. Qa4 Red8 36. Rb3 Qc6 37. Qa1+ Kh6 38. Bxe4 Rd2+ 39. Kg1 fxe4 40. Ne3 Bc8 41. Qe5 Qd6 42. Qxe4 Kg7 43. h4 Rd4 44. Qf3 1/2-1/2

[Event "Asia-ch Children-B"]
[Site "Yakutsk"]
[Date "2008.07.10"]
[Round "6"]
[White "Lyaskovsky, Valentin"]
[Black "Shcherbin, Matvei"]
[Result "1/2-1/2"]
[WhiteElo "2257"]
[BlackElo "2222"]
[PlyCount "159"]
[EventDate "2008.07.05"]
[EventType "swiss"]
[EventRounds "7"]
[EventCountry "RUS"]
[SourceTitle "EXT 2022"]
[Source "ChessBase"]
[SourceDate "2021.10.06"]
[SourceVersion "1"]
[SourceVersionDate "2021.10.06"]
[SourceQuality "1"]

1. e4 c5 2. Nf3 Nc6 3. d4 cxd4 4. Nxd4 Nf6 5. Nc3 d6 6. Bg5 e6 7. Qd2 Be7 8. 0-0-0 0-0 9. f3 a6 10. Be3 Qc7 11. g4 b5 12. Kb1 Nd7 13. Nxc6 Qxc6 14. Ne2 Ne5 15. Nd4 Qc7 16. Rg1 Bd7 17. g5 Rab8 18. h4 Nc4 19. Bxc4 bxc4 20. Ka1 d5 21. Ne2 Qb7 22. Bd4 dxe4 23. fxe4 Qxe4 24. Ng3 Qf3 25. Be5 c3 26. Bxc3 Bb5 27. Qe1 Rfd8 28. Rxd8+ Rxd8 29. Ne4 Qe2 30. Qxe2 Bxe2 31. a4 Rc8 32. Re1 Bf3 33. Nd2 Bc6 34. Nc4 Bc5 35. b3 Bf2 36. Re5 Bxa4 37. Kb2 Bb5 38. Nd6 Rc5 39. Re4 Bg3 40. Nxb5 axb5 41. Rd4 Rd5 42. Rg4 Be5 43. Bxe5 Rxe5 44. Kc3 Kf8 45. Kb4 f5 46. gxf6 gxf6 47. c4 bxc4 48. bxc4 f5 49. Rd4 Ke7 50. c5 Re1 51. Kb5 Rc1 52. Kc6 h5 53. Rd7+ Kf6 54. Rh7 f4 55. Rh8 Kf5 56. Rxh5+ Kg4 57. Rh8 f3 58. Rf8 Kg3 59. Kd6 f2 60. h5 e5 61. h6 e4 62. h7 Rh1 63. Rg8+ Kf3 64. h8Q Rxh8 65. Rxh8 e3 66. c6 e2 67. c7 e1Q 68. c8Q Qd2+ 69. Ke6 Qe3+ 70. Kd7 Qd4+ 71. Ke7 Qe5+ 72. Kd7 Qg7+ 73. Kd6 Qf6+ 74. Kd7 Qf7+ 75. Kd6 Qf4+ 76. Kd5 f1Q 77. Qc3+ Kf2 78. Qc5+ Kf3 79. Qc3+ Kf2 80. Qc5+ 1/2-1/2

[Event "Asia-ch Children-B"]
[Site "Yakutsk"]
[Date "2008.07.09"]
[Round "5"]
[White "Logvinov, Kirill"]
[Black "Lyaskovsky, Valentin"]
[Result "0-1"]
[WhiteElo "1808"]
[BlackElo "2257"]
[PlyCount "46"]
[EventDate "2008.07.05"]
[EventType "swiss"]
[EventRounds "7"]
[EventCountry "RUS"]
[SourceTitle "EXT 2022"]
[Source "ChessBase"]
[SourceDate "2021.10.06"]
[SourceVersion "1"]
[SourceVersionDate "2021.10.06"]
[SourceQuality "1"]

1. b4 Nf6 2. c4 g6 3. e3 Bg7 4. Bb2 0-0 5. f4 d6 6. Nf3 Nbd7 7. Nc3 e5 8. g3 Re8 9. Be2 exf4 10. gxf4 Nb6 11. 0-0 Be6 12. c5 dxc5 13. bxc5 Nc4 14. Bxc4 Bxc4 15. Re1 Ne4 16. d4 Nxc3 17. Bxc3 Bd5 18. Nd2 Bc6 19. Qg4 Qd5 20. Kf2 Bf6 21. Rg1 Re7 22. Nf3 Qe4 23. Ne5 Bxe5 0-1

[Event "Asia-ch Children-B"]
[Site "Yakutsk"]
[Date "2008.07.08"]
[Round "4"]
[White "Lyaskovsky, Valentin"]
[Black "Sadykov, Ramil"]
[Result "0-1"]
[WhiteElo "2257"]
[BlackElo "2136"]
[PlyCount "86"]
[EventDate "2008.07.05"]
[EventType "swiss"]
[EventRounds "7"]
[EventCountry "RUS"]
[SourceTitle "EXT 2022"]
[Source "ChessBase"]
[SourceDate "2021.10.06"]
[SourceVersion "1"]
[SourceVersionDate "2021.10.06"]
[SourceQuality "1"]

1. e4 c5 2. Nf3 d6 3. d4 cxd4 4. Nxd4 Nf6 5. Nc3 a6 6. Bg5 e6 7. f4 b5 8. e5 dxe5 9. fxe5 Qc7 10. exf6 Qe5+ 11. Be2 Qxg5 12. 0-0 Ra7 13. Nf3 Qe3+ 14. Kh1 gxf6 15. Re1 Qh6 16. Qd4 Rd7 17. Qf2 Bb7 18. Rad1 Bxf3 19. Bxf3 Bd6 20. Rxd6 Rxd6 21. Ne4 Rd5 22. Qg3 Kd7 23. b4 Nc6 24. Nc5+ Rxc5 25. bxc5 Ne5 26. c6+ Kc8 27. Be4 Rd8 28. Qa3 Qd2 29. Qxa6+ Kc7 30. Qb7+ Kd6 31. Rf1 Qe2 32. Bd3 Nxd3 33. Ra1 Qxc2 34. Qxb5 Rc8 35. h3 Rxc6 36. Rf1 Ke7 37. a4 Ne5 38. Qb4+ Qc5 39. Qh4 Nd7 40. Rb1 Qc4 41. Qxh7 Qxa4 42. Qh5 Qe4 43. Rd1 Rc2 0-1

[Event "Moscow op-A 04th"]
[Site "Moscow"]
[Date "2008.02.06"]
[Round "5"]
[White "Lyaskovsky, Valentin"]
[Black "Mingaliev, Rushat"]
[Result "0-1"]
[WhiteElo "2297"]
[BlackElo "2116"]
[PlyCount "58"]
[EventDate "2008.02.02"]
[EventType "swiss"]
[EventRounds "9"]
[EventCountry "RUS"]
[SourceTitle "CBM 122 Extra"]
[Source "ChessBase"]
[SourceDate "2008.03.04"]
[SourceVersion "1"]
[SourceVersionDate "2008.03.04"]
[SourceQuality "1"]

1. e4 c5 2. Nf3 Nc6 3. d4 cxd4 4. Nxd4 Nf6 5. Nc3 e5 6. Ndb5 d6 7. Bg5 a6 8. Na3 b5 9. Bxf6 gxf6 10. Nd5 f5 11. c3 Bg7 12. exf5 Bxf5 13. Nc2 0-0 14. Nce3 Be6 15. Bd3 f5 16. Qh5 e4 17. Bc2 Ne5 18. Nf4 Bf7 19. Qxf5 Bg6 20. Qe6+ Bf7 21. Qh3 d5 22. Ne6 Bxe6 23. Qxe6+ Kh8 24. Rd1 Qh4 25. 0-0 Rae8 26. Qxd5 Nf3+ 27. gxf3 Be5 28. Rfe1 Qxh2+ 29. Kf1 exf3 0-1

[Event "Moscow op-A 04th"]
[Site "Moscow"]
[Date "2008.02.02"]
[Round "1"]
[White "Lyaskovsky, Valentin"]
[Black "Ivanov, Victor L"]
[Result "0-1"]
[WhiteElo "2297"]
[BlackElo "2495"]
[PlyCount "70"]
[EventDate "2008.02.02"]
[EventType "swiss"]
[EventRounds "9"]
[EventCountry "RUS"]
[SourceTitle "CBM 122 Extra"]
[Source "ChessBase"]
[SourceDate "2008.03.04"]
[SourceVersion "1"]
[SourceVersionDate "2008.03.04"]
[SourceQuality "1"]

1. e4 c5 2. Nf3 e6 3. d4 cxd4 4. Nxd4 a6 5. Bd3 Qb6 6. Nb3 Qc7 7. 0-0 Nf6 8. Qe2 d6 9. f4 Nbd7 10. c4 g6 11. Nc3 Bg7 12. Be3 b6 13. Kh1 Bb7 14. Bd4 0-0 15. Rac1 Rac8 16. Nd2 Rfe8 17. Nf3 Nh5 18. Be3 Nc5 19. Nd2 f5 20. b4 Nxd3 21. Qxd3 b5 22. c5 dxc5 23. bxc5 Rcd8 24. Qc2 Qc6 25. Rce1 b4 26. Ne2 a5 27. Nc4 a4 28. Rc1 b3 29. axb3 axb3 30. Qxb3 Qxe4 31. Rg1 Rd3 32. Qb1 Bd5 33. Nd6 Qxe3 34. Nxe8 Qxe2 35. Nxg7 Kxg7 0-1

[Event "DV FR-ch U16"]
[Site "Vladivostok"]
[Date "2007.11.10"]
[Round "9"]
[White "Lyaskovsky, Valentin"]
[Black "Feigin, Semen"]
[Result "1/2-1/2"]
[WhiteElo "2305"]
[BlackElo "2117"]
[PlyCount "42"]
[EventDate "2007.11.02"]
[EventType "swiss"]
[EventRounds "9"]
[EventCountry "RUS"]
[SourceTitle "EXT 2022"]
[Source "ChessBase"]
[SourceDate "2021.10.06"]
[SourceVersion "1"]
[SourceVersionDate "2021.10.06"]
[SourceQuality "1"]

1. e4 e5 2. Bc4 Nf6 3. d4 exd4 4. Nf3 c5 5. Ng5 d5 6. exd5 Nxd5 7. Nxf7 Qe7+ 8. Qe2 Qxe2+ 9. Kxe2 Kxf7 10. Bxd5+ Be6 11. Bxb7 Bd6 12. Bxa8 Re8 13. Re1 Bd5+ 14. Kd1 Rxe1+ 15. Kxe1 Bxa8 16. Kf1 Na6 17. Bd2 Be5 18. Na3 Nc7 19. Re1 Bf6 20. Nc4 Bc6 21. Nd6+ Kf8 1/2-1/2